Motores diesel rápidos: para automovilismo, marina, ferrocarriles y usos industriales

Αποθηκεύτηκε σε:
Λεπτομέρειες βιβλιογραφικής εγγραφής
Κύριος συγγραφέας: Heldt, P. M (Συγγραφέας)
Μορφή: Βιβλίο
Γλώσσα:Ισπανικά
Έκδοση: Barcelona José Montesó 1955
Έκδοση:5a. ed
Θέματα:
Ετικέτες: Προσθήκη ετικέτας
Δεν υπάρχουν, Καταχωρήστε ετικέτα πρώτοι!

MARC

LEADER 00000nam a2200000 a 4500
001 UCP1557
003 CL-VaPUC
008 990416e19550000SP |||||||||||||||||spa|d
082 0 4 |a 621.436  |b HEL  |2 21 
100 |a Heldt, P. M  |e author  |9 427659 
245 1 0 |a Motores diesel rápidos: para automovilismo, marina, ferrocarriles y usos industriales 
250 |a 5a. ed 
300 |a 472 p 
942 |c BK 
945 |d 19990416 00:00:00  |a cmena 
260 |a Barcelona  |b José Montesó  |c 1955 
650 0 |a Motores   |9 334293 
650 0 |a Motores Diésel  |9 271572 
650 7 |a INYECTORES  |2 CL-VaPUC  |9 427356 
650 7 |a BOMBAS  |2 CL-VaPUC  |9 259418 
650 0 |a Combustibles  |9 271720 
583 |a last modification  |c 19990416 00:00:00  |k Rodrigo Vera 
999 |c 280225  |d 280223 
952 |0 0  |1 0  |4 0  |6 621_436000000000000_HEL_1955  |7 0  |8 A  |9 320465  |a BIBMEC  |b BIBMEC  |d 2019-11-20  |i 1341820  |o 621.436 HEL 1955  |p 1341820  |r 2024-01-19  |w 2019-11-20  |y BK  |k MEC